| 000 | 01112nam a22001937a 4500 | ||
|---|---|---|---|
| 003 | JO-AjAnu | ||
| 005 | 20240430092508.0 | ||
| 008 | 240407b jo ||||| |||| 00| 0 ara d | ||
| 040 |
_aJO-AjAnu _cANU |
||
| 041 | 1 | _hara | |
| 100 |
_aالمومني، هشام احمد سليمان _eمعد _965345 |
||
| 245 | 0 |
_aاثر القوة التنظيمية على الإبداع الإداري للعاملين في شركات الاتصالات في الأردن، جودة حياة العمل : كمتغير معدل = The Impact of Organizational Power on Administrative Creativity for Employees' at Telecommunications Companies in Jordan, Quality of Work Life : as a Moderating Variablee _c / اعداد هشام احمد سليمان المومني ؛ اشراف نضال فواز القضاة |
|
| 260 | _c2023 | ||
| 300 | _a111 ورقة | ||
| 500 | _aرسالة جامعية (ماجستير) تخصص إدارة الأعمال / جامعة عجلون الوطنية، 2023 | ||
| 650 | 7 | _vالابداع في الادارة | |
| 700 | 0 |
_aنضال فواز القضاة _eمشرف _965107 |
|
| 942 |
_2lcc _cTHS _n0 |
||
| 999 |
_c33444 _d33444 |
||